[Event "4NCL 3 North pool D"]
[Site "Crewe, ENG"]
[Date "2016.05.01"]
[Round "10.95"]
[White "Kolbus, Dietmar"]
[Black "Cooper, John G"]
[Result "1-0"]
[WhiteElo "2305"]
[BlackElo "1953"]
[PlyCount "83"]
[EventDate "2016.05.01"]
[WhiteTeam "Manx Ravens"]
[BlackTeam "Spirit of Atticus C"]

1. c4 e5 2. g3 Nf6 3. Bg2 d5 4. cxd5 Nxd5 5. Nf3 Nc6 6. O-O Be7 7. d4 exd4 8.
Nxd4 Nxd4 9. Qxd4 Nf6 10. Qxd8+ Bxd8 11. Nc3 c6 12. Bf4 Be6 13. Rfd1 Be7 14. e4
Rd8 15. Be3 b6 16. e5 Nd5 17. Nxd5 Bxd5 18. Bxd5 Rxd5 19. Rxd5 cxd5 20. Rd1 Kd7
21. Rxd5+ Ke6 22. Rb5 Rc8 23. Kg2 Rc2 24. Kf3 Bd8 25. Ke4 Re2 26. a4 Bc7 27. h4
Re1 28. f4 g6 29. Rb4 f5+ 30. Kd3 Rd1+ 31. Ke2 Rd5 32. Rc4 Bd8 33. b4 Rd7 34.
Rc6+ Ke7 35. h5 Rc7 36. Rd6 Rc2+ 37. Bd2 Ra2 38. hxg6 hxg6 39. Rxg6 Rxa4 40.
Rf6 Ra3 41. Be1 Rb3 42. Rxf5 1-0

[Event "4NCL 3 North pool D"]
[Site "Crewe, ENG"]
[Date "2016.05.01"]
[Round "10.96"]
[White "Mort, Andrew J"]
[Black "Ottosen, David"]
[Result "0-1"]
[WhiteElo "1913"]
[BlackElo "2106"]
[PlyCount "74"]
[EventDate "2016.05.01"]
[WhiteTeam "Spirit of Atticus C"]
[BlackTeam "Manx Ravens"]

1. c4 e5 2. g3 Nf6 3. Bg2 d5 4. cxd5 Nxd5 5. Nf3 Nc6 6. O-O Be7 7. Nc3 Nb6 8.
d3 g5 9. a3 g4 10. Nd2 h5 11. b4 h4 12. Bb2 hxg3 13. hxg3 Be6 14. Nde4 Nd4 15.
Nc5 Bxc5 16. bxc5 Bb3 17. Qd2 Nd5 18. Nxd5 Bxd5 19. Qe3 Rh5 20. Bxd4 Bxg2 21.
Kxg2 Qxd4 22. Rh1 Qd5+ 23. Qe4 Qxe4+ 24. dxe4 Rxh1 25. Rxh1 Ke7 26. Rh5 Kf6 27.
Rf5+ Ke6 28. Rg5 b5 29. Rxg4 a5 30. Rh4 b4 31. axb4 axb4 32. Rh1 Kd7 33. Rb1
Rb8 34. Kf3 Kc6 35. Ke3 Kxc5 36. Kd3 Rd8+ 37. Kc2 Kb5 0-1

[Event "4NCL 3 North pool D"]
[Site "Crewe, ENG"]
[Date "2016.05.01"]
[Round "10.97"]
[White "Fabri, Henrik"]
[Black "Bromley, Graham J"]
[Result "1/2-1/2"]
[WhiteElo "1994"]
[BlackElo "1915"]
[PlyCount "65"]
[EventDate "2016.05.01"]
[WhiteTeam "Manx Ravens"]
[BlackTeam "Spirit of Atticus C"]

1. e4 c5 2. c4 Nc6 3. Nc3 g6 4. g3 Bg7 5. Bg2 d6 6. Nge2 e6 7. d3 Nge7 8. O-O
O-O 9. Be3 Nd4 10. Rb1 Nec6 11. a3 a6 12. b4 Nxe2+ 13. Nxe2 Nd4 14. Qd2 e5 15.
Nc3 Rb8 16. f4 Be6 17. b5 Qd7 18. a4 axb5 19. axb5 Ra8 20. Nd5 Bxd5 21. exd5
Ra3 22. Bxd4 exd4 23. Ra1 Rfa8 24. Rxa3 Rxa3 25. f5 Qe7 26. Be4 Bf6 27. Qb2 Ra8
28. Kg2 Kg7 29. Qf2 g5 30. Re1 Qd8 31. Rf1 Qa5 32. Re1 Qa2 33. Re2 1/2-1/2

[Event "4NCL 3 North pool D"]
[Site "Crewe, ENG"]
[Date "2016.05.01"]
[Round "10.98"]
[White "Stuttard, David"]
[Black "Costello, John"]
[Result "1-0"]
[WhiteElo "1825"]
[BlackElo "1900"]
[PlyCount "45"]
[EventDate "2016.05.01"]
[WhiteTeam "Spirit of Atticus C"]
[BlackTeam "Manx Ravens"]

1. e4 d5 2. exd5 Qxd5 3. d4 Nc6 4. Be3 Nf6 5. c4 Qa5+ 6. Nc3 Bg4 7. Be2 Bxe2 8.
Ngxe2 e6 9. a3 Ng4 10. Qd2 O-O-O 11. O-O Qh5 12. Bf4 g5 13. Bg3 f5 14. h3 Nf6
15. Qe3 Re8 16. Be5 f4 17. Qd3 Nxe5 18. dxe5 Nd7 19. Rad1 Qf7 20. Ne4 h6 21.
Qd4 b6 22. N2c3 Bg7 23. Nb5 1-0

[Event "4NCL 3 North pool D"]
[Site "Crewe, ENG"]
[Date "2016.05.01"]
[Round "10.99"]
[White "Woodard, Brian Robert"]
[Black "Lloyd, Stephen M"]
[Result "1/2-1/2"]
[WhiteElo "1697"]
[BlackElo "1772"]
[PlyCount "86"]
[EventDate "2016.05.01"]
[WhiteTeam "Manx Ravens"]
[BlackTeam "Spirit of Atticus C"]

1. d4 Nf6 2. Nf3 g6 3. c3 d5 4. Bf4 Bg7 5. Nbd2 O-O 6. e3 Nbd7 7. Bd3 Nh5 8.
Bg5 f5 9. Bf4 Ndf6 10. h3 Nxf4 11. exf4 Bh6 12. g3 Ne4 13. h4 e6 14. Ng5 c5 15.
dxc5 Nxc5 16. Ndf3 Qb6 17. Rb1 Ne4 18. Bxe4 fxe4 19. Nd4 Bxg5 20. hxg5 Bd7 21.
O-O Rae8 22. a4 e5 23. Ne2 Bg4 24. Qxd5+ Kg7 25. Qd2 Bf3 26. Kh2 Qe6 27. Ng1
Qg4 28. Nxf3 exf3 29. Rh1 Rxf4 30. Kg1 Re4 31. Rh4 Qf5 32. Rd1 Rxh4 33. Qd7+
Kf8 34. Qxf5+ gxf5 35. gxh4 Ke7 36. Kh2 Rc8 37. Rd3 e4 38. Rd4 Ke6 39. Kg3 h6
40. g6 h5 41. Kf4 Kf6 42. Rd6+ Ke7 43. Rd4 Kf6 1/2-1/2

[Event "4NCL 3 North pool D"]
[Site "Crewe, ENG"]
[Date "2016.05.01"]
[Round "10.100"]
[White "Emerton, Keith"]
[Black "Hodgson, James Vincent"]
[Result "1/2-1/2"]
[WhiteElo "1775"]
[BlackElo "1645"]
[PlyCount "70"]
[EventDate "2016.05.01"]
[WhiteTeam "Spirit of Atticus C"]
[BlackTeam "Manx Ravens"]

1. Nf3 Nf6 2. g3 d5 3. Bg2 Bf5 4. d3 e6 5. O-O h6 6. Nbd2 Be7 7. Re1 O-O 8. e4
dxe4 9. dxe4 Bh7 10. e5 Nfd7 11. b3 c5 12. Bb2 Nc6 13. a3 Qc7 14. Nf1 Rad8 15.
Qe2 Rfe8 16. Rac1 Nf8 17. N3d2 Nd4 18. Bxd4 cxd4 19. Nb1 f6 20. Be4 Bxe4 21.
Qxe4 fxe5 22. Qxe5 Qxe5 23. Rxe5 Bf6 24. Re2 Rc8 25. Rd1 e5 26. f3 Nd7 27. a4
Nb6 28. Rde1 Red8 29. Na3 Nd5 30. Rf2 Re8 31. Nc4 Re6 32. Nfd2 Nc3 33. Ne4 Nxe4
34. Rxe4 Rce8 35. Rfe2 Kf7 1/2-1/2

[Event "4NCL 3 North pool D"]
[Site "Crewe, ENG"]
[Date "2016.05.01"]
[Round "10.105"]
[White "Barlow, David"]
[Black "Hilton, Tim"]
[Result "1/2-1/2"]
[WhiteElo "2042"]
[BlackElo "1960"]
[PlyCount "41"]
[EventDate "2016.05.01"]
[WhiteTeam "Bradford DCA Knights B"]
[BlackTeam "Manchester Manticores 3"]

1. e4 e6 2. Nf3 d5 3. Nc3 d4 4. Ne2 c5 5. c3 Nc6 6. cxd4 cxd4 7. Qa4 Nf6 8. e5
Nd7 9. Nexd4 Ndxe5 10. Bb5 Bd7 11. Nxe5 Nxe5 12. O-O a6 13. Bxd7+ Qxd7 14.
Qxd7+ Kxd7 15. Re1 Bd6 16. Nb3 Nd3 17. Re3 Nxc1 18. Rxc1 Rac8 19. Rec3 b6 20.
d4 Bb4 21. Rc4 1/2-1/2

[Event "4NCL 3 North pool D"]
[Site "Crewe, ENG"]
[Date "2016.05.01"]
[Round "10.106"]
[White "Collins, Richard A"]
[Black "Jennings, Roger W"]
[Result "1/2-1/2"]
[WhiteElo "1930"]
[BlackElo "2054"]
[PlyCount "41"]
[EventDate "2016.05.01"]
[WhiteTeam "Manchester Manticores 3"]
[BlackTeam "Bradford DCA Knights B"]

1. d4 g6 2. c4 Bg7 3. Nc3 Nf6 4. g3 O-O 5. Bg2 d6 6. Nf3 Nc6 7. O-O Bd7 8. e4
Qc8 9. Be3 Bh3 10. Rc1 Bxg2 11. Kxg2 Ng4 12. Qe2 Nxe3+ 13. Qxe3 f5 14. exf5
Qxf5 15. d5 Bh6 16. Qe2 Qxf3+ 17. Qxf3 Rxf3 18. Kxf3 Ne5+ 19. Kg2 Bxc1 20. Rxc1
Nd3 21. Rb1 1/2-1/2

[Event "4NCL 3 North pool D"]
[Site "Crewe, ENG"]
[Date "2016.05.01"]
[Round "10.107"]
[White "Bak, Christopher"]
[Black "Coward, Neil"]
[Result "1/2-1/2"]
[WhiteElo "2033"]
[BlackElo "1930"]
[PlyCount "75"]
[EventDate "2016.05.01"]
[WhiteTeam "Bradford DCA Knights B"]
[BlackTeam "Manchester Manticores 3"]

1. c4 c5 2. Nf3 Nc6 3. Nc3 Nf6 4. g3 g6 5. Bg2 Bg7 6. d4 cxd4 7. Nxd4 O-O 8.
Nc2 d6 9. O-O Bf5 10. Ne3 Qc8 11. Nxf5 Qxf5 12. Qb3 Rab8 13. Be3 Na5 14. Qa4 b6
15. Rac1 Qd7 16. Qb5 Qxb5 17. Nxb5 a6 18. Nc7 Ng4 19. Bg5 Bxb2 20. Bxe7 Bxc1
21. Rxc1 Rbc8 22. Bxf8 Kxf8 23. Nxa6 Rxc4 24. Rxc4 Nxc4 25. Bd5 Nce5 26. f4 Nd7
27. Nb4 Nc5 28. Bf3 Nf6 29. Kf2 Ke7 30. Ke3 Kd7 31. g4 h6 32. h4 Ng8 33. Bc6+
Kc7 34. Be8 f5 35. Nd5+ Kb7 36. g5 hxg5 37. hxg5 Ne6 38. Bf7 1/2-1/2

[Event "4NCL 3 North pool D"]
[Site "Crewe, ENG"]
[Date "2016.05.01"]
[Round "10.108"]
[White "Potter, Steven"]
[Black "Gardiner, Eric D"]
[Result "0-1"]
[WhiteElo "1915"]
[BlackElo "1923"]
[PlyCount "138"]
[EventDate "2016.05.01"]
[WhiteTeam "Manchester Manticores 3"]
[BlackTeam "Bradford DCA Knights B"]

1. d4 d5 2. Bg5 Nf6 3. Bxf6 exf6 4. e3 Be6 5. Bd3 c6 6. Ne2 Bd6 7. Nd2 Nd7 8.
Ng3 g6 9. a3 f5 10. O-O Nf6 11. f3 f4 12. exf4 Bxf4 13. c3 Qc7 14. c4 Bxg3 15.
hxg3 Qxg3 16. cxd5 Nxd5 17. Ne4 Qf4 18. Qd2 O-O 19. Rae1 Rfe8 20. g3 Qc7 21.
Qh2 Kg7 22. Ng5 h6 23. Ne4 f5 24. Nc5 Bf7 25. f4 b6 26. Na6 Qd7 27. Qd2 Nf6 28.
Qc3 Rad8 29. Rxe8 Bxe8 30. Re1 Qxd4+ 31. Qxd4 Rxd4 32. Bb1 Ne4 33. g4 Bf7 34.
gxf5 gxf5 35. Nb4 Bd5 36. Nxd5 cxd5 37. Rc1 Kg6 38. b4 Nf6 39. Kf2 Rxf4+ 40.
Ke3 Kg5 41. Rg1+ Ng4+ 42. Kd2 Rf2+ 43. Kc3 Kf4 44. b5 h5 45. Rh1 Nh2 46. Kb4 h4
47. Rd1 h3 48. Rxd5 Rb2+ 49. Ka4 Nf3 50. Rxf5+ Kg3 51. Be4 Rf2 52. Rf7 h2 53.
Rg7+ Kf4 54. Bxf3 Rxf3 55. Rf7+ Kg3 56. Rg7+ Kf2 57. Rh7 Kg2 58. Rg7+ Rg3 59.
Rh7 Rh3 60. Rg7+ Rg3 61. Rh7 h1=Q 62. Rxh1 Kxh1 63. Kb4 Rg4+ 64. Kb3 Kg2 65.
Kc3 Kg3 66. Kb3 Kh4 67. Kc3 Kg5 68. Kb3 Kf5 69. Kc3 Ke5 0-1

[Event "4NCL 3 North pool D"]
[Site "Crewe, ENG"]
[Date "2016.05.01"]
[Round "10.109"]
[White "Bramson, Mike"]
[Black "Lonsdale, Jon I"]
[Result "1-0"]
[WhiteElo "1872"]
[BlackElo "1892"]
[PlyCount "51"]
[EventDate "2016.05.01"]
[WhiteTeam "Bradford DCA Knights B"]
[BlackTeam "Manchester Manticores 3"]

1. e4 c5 2. Nf3 Nc6 3. Nc3 e5 4. Bc4 Be7 5. d3 Nf6 6. a3 d6 7. Nd2 Bg4 8. f3
Be6 9. Nd5 Nh5 10. Nf1 O-O 11. Be3 Bg5 12. Qd2 Bxe3 13. Qxe3 Qa5+ 14. c3 b5 15.
Ba2 b4 16. axb4 cxb4 17. Qc1 Rfc8 18. Ne7+ Nxe7 19. Bxe6 Qxa1 20. Bxf7+ Kxf7
21. Qxa1 bxc3 22. bxc3 Nf4 23. Ne3 Nxd3+ 24. Kd2 Nc5 25. Qa2+ Kf8 26. Rd1 1-0

[Event "4NCL 3 North pool D"]
[Site "Crewe, ENG"]
[Date "2016.05.01"]
[Round "10.110"]
[White "Gawne, Martin P"]
[Black "Johnson, Paul A"]
[Result "1/2-1/2"]
[WhiteElo "1847"]
[BlackElo "1873"]
[PlyCount "122"]
[EventDate "2016.05.01"]
[WhiteTeam "Manchester Manticores 3"]
[BlackTeam "Bradford DCA Knights B"]

1. Nf3 d5 2. d4 Nf6 3. c4 c6 4. g3 Bf5 5. Bg2 e6 6. Qb3 Qb6 7. Nc3 Nbd7 8. Bf4
Be7 9. O-O h6 10. cxd5 Qxb3 11. axb3 exd5 12. Rfc1 O-O 13. Na4 Ne4 14. Nd2 Bf6
15. Nxe4 dxe4 16. e3 Be7 17. Nc5 Nxc5 18. dxc5 Bf6 19. Ra4 Rfe8 20. Rcc4 Rad8
21. Bxe4 Rd1+ 22. Kg2 Bxe4+ 23. Rxe4 Rxe4 24. Rxe4 Rd7 25. Re8+ Kh7 26. Be5
Bxe5 27. Rxe5 Rd3 28. b4 Rb3 29. Re4 Kg6 30. Rc4 Rxb2 31. Rf4 f6 32. Kh3 Kf7
33. Kg4 g6 34. Kf3 Ke6 35. Rd4 h5 36. Re4+ Kf7 37. Rd4 Ke6 38. Re4+ Kf5 39.
Rf4+ Kg5 40. Rd4 f5 41. e4 Rb3+ 42. Kg2 fxe4 43. Rxe4 Kf5 44. f3 Rb2+ 45. Kg1
g5 46. h3 Rc2 47. Re3 a5 48. Rb3 axb4 49. Rxb4 Rxc5 50. Rxb7 h4 51. gxh4 gxh4
52. Rh7 Kg5 53. Rf7 Rf5 54. Rc7 c5 55. Kg2 Kf4 56. Kf2 Rd5 57. Rf7+ Ke5 58. Ke3
Rd4 59. Rc7 Rc4 60. Kd3 Rd4+ 61. Ke3 Rc4 1/2-1/2

[Event "4NCL 3 North pool D"]
[Site "Crewe, ENG"]
[Date "2016.05.01"]
[Round "10.115"]
[White "Valentine, Glyn D"]
[Black "Bennett, Patrick"]
[Result "0-1"]
[WhiteElo "1802"]
[BlackElo "2004"]
[PlyCount "72"]
[EventDate "2016.05.01"]
[WhiteTeam "Cheddleton 3"]
[BlackTeam "Holmes Chapel"]

1. d4 d5 2. c4 e6 3. Nc3 Nf6 4. Nf3 Be7 5. e3 Nbd7 6. Bd3 O-O 7. O-O b6 8. b3
Bb7 9. Bb2 c5 10. cxd5 exd5 11. Ne2 Rc8 12. Rc1 Ne4 13. Bxe4 dxe4 14. Nd2 Bf6
15. Ng3 cxd4 16. Rxc8 Qxc8 17. Ndxe4 Qc6 18. Bxd4 Bxd4 19. Qxd4 f5 20. Rd1 Nc5
21. Rc1 fxe4 22. b4 Qe6 23. bxc5 Qxa2 24. Qc4+ Qxc4 25. Rxc4 Rc8 26. Nxe4 b5
27. Rd4 Bxe4 28. Rxe4 Rxc5 29. Kf1 a5 30. Ke1 b4 31. Ke2 b3 32. Re8+ Kf7 33.
Rb8 a4 34. Rb4 Rc2+ 35. Kd3 Rxf2 36. g4 b2 0-1

[Event "4NCL 3 North pool D"]
[Site "Crewe, ENG"]
[Date "2016.05.01"]
[Round "10.116"]
[White "Doran, Chris"]
[Black "Armstrong, William G"]
[Result "1-0"]
[WhiteElo "1987"]
[BlackElo "1870"]
[PlyCount "67"]
[EventDate "2016.05.01"]
[WhiteTeam "Holmes Chapel"]
[BlackTeam "Cheddleton 3"]

1. e4 e5 2. Nf3 Nc6 3. Bb5 a6 4. Ba4 Nf6 5. O-O b5 6. Bb3 Be7 7. Re1 d6 8. c3
Nd7 9. d4 O-O 10. Nbd2 Bf6 11. Nf1 Na5 12. Bc2 Nb6 13. b3 Bg4 14. Bb2 Nc6 15.
d5 Ne7 16. Ne3 Bxf3 17. Qxf3 Nd7 18. a4 Rb8 19. b4 g6 20. axb5 axb5 21. Bd3 Bg5
22. Qe2 Bxe3 23. Qxe3 f5 24. f3 Nf6 25. Rf1 fxe4 26. fxe4 Ng4 27. Qg5 Qd7 28.
h3 h6 29. Qxg4 Qxg4 30. hxg4 Rxf1+ 31. Rxf1 Kg7 32. Ra1 c6 33. dxc6 Nxc6 34.
Ra6 1-0

[Event "4NCL 3 North pool D"]
[Site "Crewe, ENG"]
[Date "2016.05.01"]
[Round "10.117"]
[White "Taylor, John Paul"]
[Black "Turner, John M"]
[Result "1-0"]
[WhiteElo "1854"]
[BlackElo "2026"]
[PlyCount "49"]
[EventDate "2016.05.01"]
[WhiteTeam "Cheddleton 3"]
[BlackTeam "Holmes Chapel"]

1. e4 c5 2. Nf3 e6 3. d4 cxd4 4. Nxd4 Nc6 5. Nc3 Qc7 6. Ndb5 Qb8 7. Be3 a6 8.
Nd4 Nf6 9. Be2 Bb4 10. Bf3 d5 11. exd5 Nxd5 12. Bxd5 exd5 13. Qf3 Qd6 14. O-O
Bxc3 15. bxc3 O-O 16. Rfd1 Be6 17. Rab1 b5 18. Bf4 Nxd4 19. Rxd4 Qc6 20. Qg3 f6
21. Re1 Rae8 22. Bd6 Bf7 23. Red1 Bh5 24. Bxf8 Bxd1 25. Qxg7# 1-0

[Event "4NCL 3 North pool D"]
[Site "Crewe, ENG"]
[Date "2016.05.01"]
[Round "10.118"]
[White "Scattergood, Ben"]
[Black "Blackburn, Jon"]
[Result "1-0"]
[WhiteElo "1920"]
[BlackElo "1851"]
[PlyCount "117"]
[EventDate "2016.05.01"]
[WhiteTeam "Holmes Chapel"]
[BlackTeam "Cheddleton 3"]

1. e4 e6 2. d3 d5 3. Qe2 Nf6 4. g3 dxe4 5. dxe4 Be7 6. Bg2 O-O 7. Nf3 b6 8. Bf4
Bb7 9. Nbd2 c5 10. O-O-O Qc8 11. g4 Nc6 12. Nc4 Ba6 13. Nfe5 Nd4 14. Qe3 Bxc4
15. Nxc4 Nxg4 16. Qd2 Rd8 17. Qe1 Qa6 18. Ne3 Ne2+ 19. Kb1 Rxd1+ 20. Qxd1 Nxf2
21. Qf1 Nxh1 22. Bf3 Nc3+ 23. bxc3 Qxf1+ 24. Nxf1 Nf2 25. Be3 Nh3 26. Bg2 Ng5
27. h4 Nxe4 28. Bxe4 Rd8 29. Nd2 Bxh4 30. Nf3 Bf6 31. Kb2 h6 32. Bf4 b5 33. Kb3
a5 34. c4 bxc4+ 35. Kxc4 Bd4 36. Bc7 Rd7 37. Bb6 g5 38. Bc6 Rd6 39. Nxd4 cxd4
40. Kc5 d3 41. Kxd6 dxc2 42. Be3 Kg7 43. Be4 f5 44. Bxc2 f4 45. Bd4+ Kf7 46.
Bb3 Kg6 47. Kxe6 f3 48. Bc2+ Kh5 49. Kf5 Kh4 50. Bb6 g4 51. Kf4 h5 52. Bg6 a4
53. a3 Kh3 54. Bxh5 Kh4 55. Be8 Kh3 56. Bd7 Kg2 57. Bxg4 f2 58. Bxf2 Kxf2 59.
Ke4 1-0

[Event "4NCL 3 North pool D"]
[Site "Crewe, ENG"]
[Date "2016.05.01"]
[Round "10.119"]
[White "Edwards, Roger J"]
[Black "Higgie, Charles L"]
[Result "1/2-1/2"]
[WhiteElo "1757"]
[BlackElo "1869"]
[PlyCount "83"]
[EventDate "2016.05.01"]
[WhiteTeam "Cheddleton 3"]
[BlackTeam "Holmes Chapel"]

1. e4 c5 2. Nc3 Nc6 3. Bb5 e6 4. f4 Nge7 5. Nf3 a6 6. Bxc6 Nxc6 7. O-O d6 8. d3
g6 9. Ne2 Bg7 10. c3 f5 11. Ng3 O-O 12. exf5 exf5 13. Re1 Qb6 14. Ng5 Bf6 15.
Nf3 Bd7 16. Rb1 Rae8 17. Bd2 Rxe1+ 18. Bxe1 Be6 19. b3 Kg7 20. Ne2 Bd5 21. Bf2
Re8 22. Ne1 Re7 23. Nc2 Qd8 24. c4 Bf7 25. d4 Qe8 26. Kf1 g5 27. Qd3 b6 28. d5
Nd8 29. Re1 Bg6 30. Qg3 g4 31. h3 h5 32. h4 b5 33. Qd3 bxc4 34. bxc4 Qa4 35.
Nc3 Qa5 36. Rxe7+ Bxe7 37. Be1 Bf6 38. g3 Nf7 39. a3 Nh6 40. Qd2 Be8 41. Qe3
Qd8 42. Qd2 1/2-1/2

[Event "4NCL 3 North pool D"]
[Site "Crewe, ENG"]
[Date "2016.05.01"]
[Round "10.120"]
[White "Roberts, Malcolm A"]
[Black "Blackburn, Sandra G"]
[Result "1-0"]
[WhiteElo "1672"]
[BlackElo "1585"]
[PlyCount "105"]
[EventDate "2016.05.01"]
[WhiteTeam "Holmes Chapel"]
[BlackTeam "Cheddleton 3"]

1. e4 c5 2. Nf3 d6 3. Nc3 Nf6 4. Bc4 g6 5. h3 Bg7 6. d3 Nc6 7. a3 O-O 8. O-O a6
9. Bd2 Bd7 10. Ne2 b5 11. Ba2 Rb8 12. Rb1 Qc8 13. Nf4 e5 14. Nd5 Nxd5 15. Bxd5
Ne7 16. Ba2 h6 17. Nh2 Be6 18. Bxe6 Qxe6 19. Qc1 h5 20. Nf3 f6 21. Nh2 d5 22.
Be3 d4 23. Bd2 Kf7 24. f4 exf4 25. Bxf4 Rbc8 26. Nf3 Kg8 27. Qe1 g5 28. Bd2 g4
29. hxg4 Qxg4 30. Nh2 Qg6 31. Qh4 Bh6 32. Rbd1 Bg5 33. Qh3 Rf7 34. Rf2 Bxd2 35.
Rdxd2 Rcf8 36. Qe6 Kh7 37. Qxa6 f5 38. Qxg6+ Kxg6 39. exf5+ Nxf5 40. Nf3 Ne3
41. Ne5+ Kg7 42. Rxf7+ Rxf7 43. Nxf7 Kxf7 44. Kf2 Kg6 45. Kf3 Kf5 46. Re2 Ng4
47. g3 Kg5 48. Re8 Nf6 49. Re5+ Kg6 50. Rxc5 Ng4 51. Rxb5 Nh2+ 52. Kf4 Ng4 53.
Rg5+ 1-0

[Event "4NCL 3 North pool D"]
[Site "Crewe, ENG"]
[Date "2016.05.01"]
[Round "10.125"]
[White "McCarthy, Damian"]
[Black "White, Mark W"]
[Result "1-0"]
[WhiteElo "1856"]
[BlackElo "2063"]
[PlyCount "107"]
[EventDate "2016.05.01"]
[WhiteTeam "Bradford DCA Knights C"]
[BlackTeam "Jorvik"]

1. e4 c5 2. Nf3 Nc6 3. d4 cxd4 4. Nxd4 Nf6 5. Nc3 e5 6. Ndb5 d6 7. Bg5 a6 8.
Na3 b5 9. Bxf6 gxf6 10. Nd5 f5 11. Bxb5 axb5 12. Nxb5 Ra4 13. Nbc7+ Kd7 14. O-O
Qg5 15. Nb6+ Kxc7 16. Nxa4 Rg8 17. g3 f4 18. c3 Qg6 19. Qb3 Qxe4 20. Qb6+ Kd7
21. b4 Ne7 22. Rad1 Qc6 23. Nc5+ Ke8 24. Rxd6 Qxb6 25. Rxb6 Rg6 26. Rxg6 Nxg6
27. Ne4 Be7 28. Rd1 Bb7 29. Nd6+ Bxd6 30. Rxd6 fxg3 31. hxg3 Ke7 32. Rb6 Bd5
33. a4 Kd7 34. a5 Ne7 35. Kh2 Kc7 36. Rb5 Be6 37. Rxe5 Nd5 38. Rh5 Kb7 39. c4
Nf6 40. Rb5+ Ka7 41. c5 Nd5 42. c6 Ka6 43. Rb8 Ka7 44. Rh8 Ka6 45. Ra8+ Kb5 46.
Rb8+ Ka6 47. f3 Ka7 48. Rh8 Ka6 49. Ra8+ Kb5 50. Rb8+ Ka6 51. g4 Nc7 52. Kg3
Nd5 53. f4 Nc7 54. Rb6+ 1-0

[Event "4NCL 3 North pool D"]
[Site "Crewe, ENG"]
[Date "2016.05.01"]
[Round "10.126"]
[White "Carpenter, Martin"]
[Black "Patrick, David A"]
[Result "1-0"]
[WhiteElo "2090"]
[BlackElo "1869"]
[PlyCount "57"]
[EventDate "2016.05.01"]
[WhiteTeam "Jorvik"]
[BlackTeam "Bradford DCA Knights C"]

1. e4 e6 2. d4 d5 3. Nc3 Nf6 4. Bg5 Be7 5. e5 Nfd7 6. Bxe7 Qxe7 7. f4 a6 8. Nf3
c5 9. dxc5 Qxc5 10. Qd2 Nc6 11. Bd3 b5 12. Ne2 Nb6 13. b3 Bd7 14. c3 b4 15. Rc1
bxc3 16. Nxc3 Qe7 17. O-O g6 18. Ne2 O-O 19. Ned4 Nb4 20. Be2 a5 21. a3 Rfc8
22. axb4 axb4 23. Rxc8+ Rxc8 24. Rc1 Rc5 25. Rxc5 Qxc5 26. Qc2 Qa5 27. Qc7 Kg7
28. h3 h6 29. Kh2 1-0

[Event "4NCL 3 North pool D"]
[Site "Crewe, ENG"]
[Date "2016.05.01"]
[Round "10.127"]
[White "Adam, David W"]
[Black "Cowan, Richard M"]
[Result "0-1"]
[WhiteElo "1847"]
[BlackElo "1865"]
[PlyCount "114"]
[EventDate "2016.05.01"]
[WhiteTeam "Bradford DCA Knights C"]
[BlackTeam "Jorvik"]

1. c4 d6 2. g3 g6 3. Bg2 Bg7 4. d3 Nd7 5. Nc3 Ngf6 6. e4 O-O 7. Nge2 Rb8 8. O-O
a6 9. Rb1 b5 10. b3 b4 11. Nd5 c6 12. Nxf6+ Nxf6 13. e5 dxe5 14. Bxc6 Bh3 15.
Bg2 Bf5 16. Bb2 Qa5 17. Ra1 Rfd8 18. a3 Rxd3 19. axb4 Qxb4 20. Ba3 Rxd1 21.
Bxb4 Rxf1+ 22. Bxf1 Rxb4 23. Rxa6 Be4 24. Nc3 Bb7 25. Ra7 Rxb3 26. Nb5 Bf3 27.
Rxe7 e4 28. Nd4 Rb1 29. Nxf3 exf3 30. Re3 Rc1 31. Rxf3 Ne4 32. Rd3 Bc3 33. Rd8+
Kg7 34. Kg2 Nd2 35. Bd3 Nb3 36. Be4 Re1 37. Bd5 Re7 38. f4 h5 39. Rb8 Nc5 40.
Rc8 Bd4 41. Kh3 Nd3 42. Rd8 Nf2+ 43. Kg2 Ng4 44. Bxf7 Re2+ 45. Kf3 Rf2+ 46. Ke4
Bb6 47. Rb8 Kxf7 48. Rxb6 Nf6+ 49. Ke3 Rxh2 50. Rb7+ Ke6 51. Rb5 Rc2 52. Re5+
Kf7 53. Kd3 Rg2 54. Re3 Ng4 55. Rf3 Nh2 56. Re3 Nf1 57. Rf3 Rxg3 0-1

[Event "4NCL 3 North pool D"]
[Site "Crewe, ENG"]
[Date "2016.05.01"]
[Round "10.128"]
[White "Flint, Martina"]
[Black "Dean, Robert A"]
[Result "0-1"]
[WhiteElo "1858"]
[BlackElo "1780"]
[PlyCount "90"]
[EventDate "2016.05.01"]
[WhiteTeam "Jorvik"]
[BlackTeam "Bradford DCA Knights C"]

1. f4 Nf6 2. d3 d5 3. g3 g6 4. Bg2 Bg7 5. Nf3 O-O 6. c3 b6 7. O-O Bb7 8. Qc2
Nbd7 9. h3 c5 10. Nbd2 Qc7 11. e4 dxe4 12. dxe4 Nh5 13. Kh2 e5 14. f5 gxf5 15.
exf5 e4 16. Nxe4 Bxe4 17. Qxe4 Nxg3 18. Bf4 Nxf1+ 19. Rxf1 Nf6 20. Qc4 b5 21.
Bxc7 bxc4 22. Bd6 Rfe8 23. Bxc5 Re2 24. Kg1 Rae8 25. Bxa7 Rxb2 26. Ra1 Ra8 27.
Bd4 Raxa2 28. Rxa2 Rxa2 29. Ne5 Nh5 30. Bd5 Ra1+ 31. Kf2 Bxe5 32. Bxe5 Ra5 33.
Bf3 Rxe5 34. Bxh5 Rxf5+ 35. Bf3 Kg7 36. Ke3 Kf6 37. Bg4 Rd5 38. Be2 Re5+ 39.
Kf3 Rxe2 40. Kxe2 Ke5 41. Kf3 f5 42. h4 h5 43. Ke3 f4+ 44. Kf3 Kf5 45. Kf2 Ke4
0-1

[Event "4NCL 3 North pool D"]
[Site "Crewe, ENG"]
[Date "2016.05.01"]
[Round "10.129"]
[White "Braham, Peter"]
[Black "Anderson, Paul W"]
[Result "1-0"]
[WhiteElo "1659"]
[BlackElo "1759"]
[PlyCount "95"]
[EventDate "2016.05.01"]
[WhiteTeam "Bradford DCA Knights C"]
[BlackTeam "Jorvik"]

1. e4 e5 2. Nf3 Nf6 3. Nxe5 d6 4. Nf3 Nxe4 5. d3 Nf6 6. d4 d5 7. Bd3 Bg4 8. O-O
Be7 9. Bf4 Nbd7 10. h3 Bh5 11. Re1 O-O 12. Bxc7 Qxc7 13. Rxe7 Rfe8 14. Rxe8+
Rxe8 15. Nbd2 Nf8 16. c3 Bg6 17. Bb5 Re6 18. Ba4 Nh5 19. Bb3 Qd8 20. Ne5 Qg5
21. Ndf3 Qd8 22. Qd2 h6 23. Re1 Be4 24. Rxe4 dxe4 25. Bxe6 Nxe6 26. Ne1 f6 27.
Nc4 Nhf4 28. Ne3 Nc7 29. c4 Qxd4 30. Qxd4 Ne2+ 31. Kf1 Nxd4 32. N1c2 Nce6 33.
Nxd4 Nxd4 34. g3 Kf7 35. h4 h5 36. Nd5 g5 37. hxg5 fxg5 38. Nc3 e3 39. fxe3 Nf5
40. Kf2 h4 41. g4 Nh6 42. Kf3 h3 43. Ne4 h2 44. Nf2 Ke6 45. Kg2 h1=Q+ 46. Kxh1
Nxg4 47. Nxg4 Kf5 48. Nf2 1-0

[Event "4NCL 3 North pool D"]
[Site "Crewe, ENG"]
[Date "2016.05.01"]
[Round "10.130"]
[White "Andrews, Norman G"]
[Black "Procter, Colin S"]
[Result "0-1"]
[WhiteElo "1582"]
[BlackElo "1560"]
[PlyCount "90"]
[EventDate "2016.05.01"]
[WhiteTeam "Jorvik"]
[BlackTeam "Bradford DCA Knights C"]

1. d4 Nf6 2. Nf3 g6 3. c4 Bg7 4. Nc3 d6 5. e4 O-O 6. Be2 c5 7. O-O cxd4 8. Nxd4
Nc6 9. Nf3 b6 10. Bg5 h6 11. Bxf6 Bxf6 12. Qd2 Bg7 13. a3 Na5 14. Qc2 Ba6 15.
Nd2 Rc8 16. Qa4 Qe8 17. Qb4 Nc6 18. Qa4 Bb7 19. Nf3 Bxc3 20. bxc3 Nd4 21. Qd1
Nxe2+ 22. Qxe2 Qc6 23. Nd2 Ba6 24. Rfc1 Bxc4 25. Nxc4 Qxc4 26. Qe3 Kh7 27. h4
Rc5 28. Rab1 Re5 29. Rb4 Qc6 30. f4 Qc5 31. Rd4 Rh5 32. c4 e5 33. fxe5 dxe5 34.
Rd3 Rxh4 35. Qxc5 bxc5 36. Rd7 Rxe4 37. Rxa7 Kg7 38. Rc7 Ra8 39. Rxc5 Rxa3 40.
Rd5 Re2 41. c5 Raa2 42. c6 Rxg2+ 43. Kf1 Rh2 44. Kg1 Rag2+ 45. Kf1 Rh1+ 0-1